000 00513nam a2200193Ia 4500
005 20250326143258.0
008 250326s9999 xx 000 0 und d
020 _a81-7829-332-3
037 _aTextbook
040 _aFMSL
_beng
_cFMSL
041 _aeng
_2eng
084 _aX:51 P3
_qFMSL
100 _aSZMIGIN
_9747753
245 0 _aUnderstanding the consumer
_cSZMIGIN
260 _aNew Delhi
_bNew Delhi, Response
_c2003
300 _a202p
942 _cTB
_hX:51 P3
999 _c1298888
_d1298888